| 000 | 00408nam a22001577a 4500 | ||
|---|---|---|---|
| 005 | 20250224173342.0 | ||
| 008 | 250224b |||||||| |||| 00| 0 eng d | ||
| 020 | _a9728128005660 | ||
| 050 |
_aHF5635 _bSAX |
||
| 100 | _aSaxena, K. K. | ||
| 245 | _aAccounting for CA foundation | ||
| 260 |
_aDelhi _bKonark Publishers, Pvt Ltd _cc2000 |
||
| 300 | _aviii,294p | ||
| 700 | _aSaxena, S. P. | ||
| 942 |
_2lcc _cBK _n0 |
||
| 999 |
_c4269 _d4269 |
||